000 01095nas a2200325 4500
001 BR8103063
003 BR-BrBNA
005 20231205084742.0
007 ta
008 230509b bl.|||p| |||| 00| 00por d
040 _aBR-BrBNA
_bpor
_cBiblioteca Nacional de Agricultura
041 _a(Pt)
072 _aL74; H00
100 1 _aFehn, L.M.
100 1 _aMenschoy, A.B.
100 1 _aSilva, G.M. da
100 1 _aSilveira Junior, P.
245 1 _aTestes toxicologicos com inseticidas acompanhados da determinacao da atividade da colinesterase em coelhos [Cunuculus vulgaris]
246 1 _a[Toxicological tests with insecticides followed by determination of cholinesterase activity in rabbits [Cunuculus vulgaris]]
650 _aDisturbio animal
650 _aDefesa vegetal
650 _aCoelho
650 _aInseticida
650 _aToxidez
650 _aIntoxicacao animal
650 _aColinesterase
773 0 _tActa Toxicologica (Brazil)
_xISSN 0100-6029
_g(Dec 1980), v. 3(1) p. 65-83
_wBR8103063
909 _a202311
_bLúcia
_c55
_dLúcia Elande
942 _2AGRIS
_n0
_cANA
999 _c107054
_d107054